| 000 | 01131cam a22002771i 4500 | ||
|---|---|---|---|
| 003 | SA-RiAUC | ||
| 005 | 20251229090634.0 | ||
| 008 | 251120s1986 iq g b f000 0 ara c | ||
| 040 |
_aOM-MuSQU _bara _cSA-RiAUC _erda |
||
| 082 | 0 | 4 | _a246.1 |
| 090 |
_a246.1 _bر ا و |
||
| 100 | 1 |
_aالراوي، عبد الستار عز الدين، _d1941- _eمؤلف. |
|
| 245 | 1 | 0 |
_aفلسفة العقل : _bرؤية نقدية للنظرية الاعتزالية / _cعبد الستار عز الدين الراوي. |
| 250 | _aالطبعة الثانية. | ||
| 264 | 1 |
_aبغداد : _bوزارة الثقافة والإعلام، دار الشؤون الثقافية العامة، _c1986 |
|
| 300 |
_a155 صفحة ؛ _c24 سم |
||
| 336 |
_aنص _btxt _2rdacontent _3كتاب |
||
| 337 |
_aبدون وسيط _bn _2rdamedia |
||
| 338 |
_aمجلد _bnc _2rdacarrier |
||
| 504 | _aببليوجرافية : صفحة 147-153. | ||
| 590 | _aعبد المنعم. | ||
| 650 | 7 |
_aالمعتزلة (فرقة إسلامية) _2aucsh |
|
| 942 |
_2ddc _cBOOK _n0 |
||
| 949 |
_aSA-JeALM _d251120 _umohamedma123 _n1 |
||
| 999 |
_c13781 _d13781 |
||